Visualizzazione normale
Vista MARC
- Noce, Simona
di Personal Name
Records bibliografici associati: 1
001 - CONTROL NUMBER
- control field: 57693
003 - CONTROL NUMBER IDENTIFIER
- control field:
005 - DATE AND TIME OF LATEST TRANSACTION
- control field: 20190326101115.0
008 - FIXED-LENGTH DATA ELEMENTS
- fixed length control field: 190326|| aca||aabn | a|a d
040 ## - CATALOGING SOURCE
- Original cataloging agency:
- Transcribing agency:
100 ## - HEADING--PERSONAL NAME
- Personal name: Noce, Simona
- Relator term: tr.
670 ## - SOURCE DATA FOUND
- Source citation: Work cat.: ()0: Frattini, Eric. 1963-, autore 57690, L'entità :, 2008.